| 000 | 01046nam a22003255a 4500 | ||
|---|---|---|---|
| 005 | 20150823104919.0 | ||
| 008 | 111219s2004 ii a|||fr|||| 001 0 eng d | ||
| 010 | _a 2002022456 | ||
| 020 | _a9788120321038 | ||
| 020 | _a8120321030 | ||
| 035 | _a(DLC) 2002022456 | ||
| 035 | _a(DLC)747 | ||
| 040 |
_aEG-ScBUE _beng _cEG-ScBUE |
||
| 082 | 0 | 4 |
_a004.22 _bSTA _222 |
| 100 | 1 |
_aStallings, William. _928170 |
|
| 245 | 1 | 0 |
_aComputer organization and architecture : _bdesigning for performance / _cWilliam Stallings. |
| 246 | 1 | 4 | _aComputer organization & architecture |
| 250 | _a6th ed. | ||
| 260 |
_aNew Delhi : _bPrentice Hall of India, _c2004. |
||
| 300 |
_a815 p. : _bill. ; _c24 cm. |
||
| 500 | _aIndex : p. 773-815. | ||
| 500 | _aGlossary : p. 745-755. | ||
| 504 | _aBibliography : p. 757-771. | ||
| 590 | _ayassmeen ashraf | ||
| 650 | 0 |
_aComputer organization. _928171 _2BUEsh |
|
| 650 | 0 |
_aComputer architecture. _928172 _2BUEsh |
|
| 651 | _2BUEsh | ||
| 653 |
_bCOMSCI _bENGGEN _cAugust2015 |
||
| 942 |
_cBB _k004.22 STA _2ddc |
||
| 999 |
_c608 _d608 |
||